000 00453nam a2200157Ia 4500
008 160316s1998 xxu||||| |||| 00| 0 eng d
082 _a346.017000
_bBAK
100 _aBakyayita Jasper
245 _aStand up for your rights
250 _a
260 _aUK
_bPeace Child International
_c1998
300 _a96
_b
_c
365 _b
650 _a1. Human rights 2. economic-social-cultural rights 3. child rights
700 _aGuha Vivek
_aJasinski Christine
999 _c35715
_d35715